000 01579cam a2200373 a 4500
001 newagecataloguea00newy
003 CaSfIA
005 20210118192513.0
007 cr||||
008 871013s1988 nyua br 001 0 eng
010 _a 87030698
040 _aDLC
_cDLC
_dOCL
_dOCLCQ
_dBTCTA
_dYDXCP
_dVVW
_dCaSfIA
020 _a0385243839 (pbk.) :
_c$14.95
020 _a9780385243834 (pbk.)
035 _a(OCoLC)16979016
050 0 0 _aBP605.N48
_bN47 1988
082 0 _a130/.29/473
_219
245 0 4 _aThe New Age catalogue :
_h[electronic resource]
_baccess to information and sources /
_cby the editors of Body, mind, spirit magazine.
260 _aNew York :
_bDoubleday,
_c1988.
300 _a244 p. :
_bill. ;
_c28 cm.
500 _a"A Dolphin book."
500 _aIncludes index.
650 0 _aNew Age movement
_vBibliography.
650 0 _aNew Age movement
_vDirectories.
730 0 _aBody, mind, spirit.
856 4 1 _uhttp://www.archive.org/details/newagecataloguea00newy
_zFree eBook from the Internet Archive
856 4 2 _uhttp://www.openlibrary.org/books/OL7438076M
_zAdditional information and access via Open Library
029 1 _aYDXCP
_b311985
029 1 _aNZ1
_b3440040
029 1 _aAU@
_b000005604439
942 _cEB
506 _fНеобхідна авторизація на https://archive.org/ (створення облікового запису безкоштовно)
506 _fНеобхідна авторизація на https://openlibrary.org/ (створення облікового запису безкоштовно)
999 _c529763
_d529763